| 000 | 01881cam a22003378i 4500 | ||
|---|---|---|---|
| 003 | URS | ||
| 005 | 20260329170428.0 | ||
| 008 | 220629s2023 nju b 001 0 eng | ||
| 020 | _a978-1-11977-602-4 | ||
| 040 |
_bEnglish _erda _cURS |
||
| 050 | 0 | 0 |
_aRA651 _b.B6693 2023 |
| 082 | 0 | 0 | _a614.4 |
| 100 | 1 |
_aBouter, Lex M., _eauthor. |
|
| 245 | 1 | 0 |
_aTextbook of epidemiology / _cLex M. Bouter, Maurice Zeegers, Tianjing Li. |
| 250 | _aSecond edition. | ||
| 263 | _a2209 | ||
| 264 | 1 |
_aHoboken, NJ : _bWiley-Blackwell, _c©2023. |
|
| 300 |
_a236 pages : _billustrations ; _c23 cm. |
||
| 336 |
_atext _btxt _2rdacontent |
||
| 337 |
_aunmediated _bn _2rdamedia |
||
| 338 |
_avolume _bnc _2rdacarrier |
||
| 504 | _aIncludes bibliographical references and index. | ||
| 505 | 0 | _aEpidemiology -- Frequency-- Association -- Study design -- Precision and validity -- Etiology and causality -- Genetic epidemiology -- Outbreak epidemiology -- Diagnostic and prognostic research -- Intervention -- Systematic review and meta-analysis. | |
| 520 |
_a"An introduction to epidemiological methods with recent and broadly applicable examples. End-of-chapter self-assessment questions for readers to check their understanding of key concepts, with answer keys and further enrichment materials available on a companion website. A brand-new chapter covering methods for systematic reviews and meta-analysis. Accessible material appropriate for clinical practitioners and researchers from around the world"-- _cProvided by publisher. |
||
| 650 | 1 | 2 | _aEpidemiologic Methods |
| 650 | 2 | 2 | _aEpidemiology |
| 700 | 1 |
_aZeegers, Maurice P., _eauthor. |
|
| 700 | 1 |
_aLi, Tianjing _c(Writer on evidence-based medicine), _eauthor. |
|
| 776 | 0 | 8 |
_iOnline version: _aBouter, L. M. _tTextbook of epidemiology _bSecond edition. _dHoboken, NJ : Wiley-Blackwell, 2023 _z9781119776031 _w(DLC) 2022030843 |
| 942 |
_2lcc _cR |
||
| 999 |
_c99323 _d99320 |
||